Избранное: пер. с фр.; Посторонний; Падение; Чума; Молчание; Иона, или Художник за работой; Неверная жена

Bibliographische Detailangaben
1. Verfasser: Камю А. Альбер
Weitere Verfasser: Великовский С. (автор предисловия), Еремин А. В. (иллюстратор)
Sprache:Russisch
Veröffentlicht: Москва, Правда, 1990
TOC:Посторонний; Падение; Чума;
Молчание; Иона, или Художник за работой; Неверная жена;
Format: MixedMaterials Buch
KOHA link:https://koha.lib.tpu.ru/cgi-bin/koha/opac-detail.pl?biblionumber=80054

MARC

LEADER 00000nam0a2200000 4500
001 80054
005 20231101213104.0
010 |a 525300128X 
020 |a RU  |b 90-29811 
035 |a (RuTPU)RU\TPU\book\86051 
090 |a 80054 
100 |a 20050831d1990 m a0rusy5003 ca 
101 1 |a rus  |c fre 
102 |a RU 
105 |a y z 000ay 
200 1 |a Избранное  |e пер. с фр.  |f Альбер Камю  |g [Вступ. ст. С. Великовского; Ил. А. Еремина] 
210 |a Москва  |c Правда  |d 1990 
215 |a 476,[2] с.  |c ил.  |d 20 см 
464 |t Посторонний; Падение; Чума  |o романы 
464 |t Молчание; Иона, или Художник за работой; Неверная жена  |o рассказы из сб. Изгнание и царство 
675 |a 84  |z rus 
700 1 |a Камю  |b А.  |c французский писатель  |c философ-экзистенциалист  |f 1913-1960  |g Альбер  |2 stltpush  |3 (RuTPU)RU\TPU\pers\1275  |9 570 
702 1 |a Великовский  |b С.  |4 080 
702 1 |a Еремин  |b А. В.  |4 440 
801 0 |a RU  |b RuMRKP  |c 19950417  |g psbo 
801 1 |a RU  |b 63413507  |c 20050831  |g PSBO 
801 2 |a RU  |b 63413507  |c 20211222  |g PSBO 
942 |c BK